Statistiques concernant Pays par nombre d'habitants

Cliquez ici pour prendre le quiz!

Statistiques générales

  • Ce quiz a été pris 349 fois
  • Le résultat moyen est 10 sur 16

Statistiques - réponses

ContinentNombre d'habitantsPays% Correct
Europe83 100 000Allemagne
97%
Europe67 500 000France
96%
Asie1 412 000 000Chine
94%
Amérique330 000 000 États-Unis
92%
Amérique213 000 000Brésil
76%
Amérique130 000 000Mexique
73%
Asie126 000 000 Japon
72%
Océanie4 900 000Nouvelle Zélande
72%
Amérique45 400 000Argentine
60%
Afrique213 000 000Nigeria
60%
Afrique100 000 000 Égypte
51%
Europe38 100Monaco
50%
Océanie9 600Tuvalu
28%
Europe349 000 Islande
26%
Afrique17 200 000Sénégal
24%
Asie21 800 000 Sri Lanka
11%

Distribution des résultats

Percentile par nombre de réponses

% des personnes avec chaque résultat

Votre développement - résultats

Vous n’avez pas pris ce quiz